000 00547nam a2200229Ia 4500
003 OSt
005 20220924135026.0
006 a|||||r|||| 00| 0
007 ta
008 220923b |||||||| |||| 00| 0 ben d
024 _a288399
037 _cTextual
040 _aARTS
_cARTS
_bben
041 _2ben
_aben
082 _aN2254:9Q, 157L2
100 _aSanyal
_9154829
245 0 _aKalinger devadenal
260 _c1872
650 _aARTS
942 _hN2254:9Q, 157L2
_cTEXL
_2CC
999 _c439567
_d439567